Представление документа в формате MARC21

Поле Инд. ПП Название Значение
Тип записи a
Библиографический уровень m
001 Контрольный номер RU/IS/BASE/357838901
005 Дата корректировки 20220802125048.3
040 b Код языка каталог. rus
041 0_ a Код языка текста rus
080 a Индекс УДК 004.42
084 a Индекс другой классификации/Индекс ББК 32.973.26-018.2
090 a Полочн. индекс 681.3
c Каталожный индекс 681.3.06
x Авторский знак Н76
097 b Оператор 11
245 10 a Заглавие Новые средства программирования для ЕС ЭВМ
b Продолж. заглавия транслятор с языка алгол 68 и диалоговая система JEC
c Ответственность Г. Ф. Декайло [и др.]
260 a Место издания М.
b Издательство Финансы и статистика
c Дата издания 1984
300 a Объем 207 с.
510 a Примечание о ссылках Книги и методические пособия
650 a Основная рубрика 50.41 Программное обеспечение вычислительных машин, комплексов и сетей
x Основная подрубрика 50.41.17 Системное программное обеспечение
653 a Ключевые слова ЕС ЭВМ; вычислительные системы; программные средства; трансляторы; языки программирования; Алгол
901 t Тип документа m